000 00517nam a2200157 i 4500
001 73871
003 ES-MaACL
005 20230906171939.0
007 t|
008 040913s1901 sp ||||1| spa d
100 1 _aGomis Cornet, José.
_958214
245 1 3 _aLa solución del problema político social de nuestro país
_b: manifiesto /
_cde José Gomis Cornet.
260 _aMadrid :
_b[s.n.],
_c1901 (
_fImp. de Julián Francés)
300 _a32 p. :
_b1 lám. retr. autor ;
_c19 cm.
852 _aES-MaACL
_jT-977-F-7
999 _c73871
_d73871